| 000 | 01202cab a2200217 4500 | ||
|---|---|---|---|
| 001 | ABS67304 | ||
| 008 | 040108n2003 000 0 eng u | ||
| 035 | _a(Sirsi) u124753 | ||
| 100 | _aBirkbeck, D. | ||
| 245 | _aKey to resident satisfaction | ||
| 260 | _c2003 | ||
| 490 |
_aPlanning (for the Natural and Built Environment) _v12 December 2003, 18(1) |
||
| 520 | _aDiscusses the recent findings of a survey "Perceptions of privacy and density" conducted among residents of a variety of 20th century residential homes with regard to attitudes on intrusions on privacy. Noise was identified as a key problem for some residents as was the possibility of being overheard by neighbours, especially in the bedroom. Researchers also found the issue of security to be a key reason for moving home, while private outdoor space was highly valued particularly in higher-density situations. In terms of family life, space and privacy were also seen as important with the four storey town house being highly regarded. | ||
| 590 | _aABS | ||
| 650 | _aNOISE | ||
| 650 | _aPRIVACY | ||
| 650 | _aSECURITY | ||
| 650 | _aHIGH DENSITY HOUSING | ||
| 690 | _aBUILT ENVIRONMENT-CONSTRUCTION DESIGN | ||
| 942 | _n0 | ||
| 999 |
_c74042 _d74042 |
||